=LDR 00000nam 2200000 4500 =001 INLIS000000000046377 =005 20150630140637.0 =006 =007 =008 =020 ##$$a 979-685-530-5 =035 ##$$0010-031500000000149 =040 ##$$a NBPDMAT =082 ##$$a 389-209-589-49 =090 ##$$a 389-209-589-49 $bv San p =100 ##$$a Sandar Safitri Hanan =245 ##$$a pangeran randasitagi dan putri warriwondu $c 389-209-589-49 =250 ##$$a Cet. 3 =260 ##$$a jakarta $b badan pengembangan dan pembinaan bahasa kementrian pendidikan dan kebudayaan $c 2012 =300 ##$$a vi, 76 hlm. $b ilus $c 21 cm =700 ##$$a Sandar Safitri Hanan =990 ##$$a 0001/BPAP-NTB/20142015 =990 ##$$a 0001/BPAP-NTB/20142015 =990 ##$$a 0001/BPAP-NTB/20142015 =990 ##$$a 0001/BPAP-NTB/20142015 =990 ##$$a 0001/BPAP-NTB/20142015 =990 ##$$a 0001/BPAP-NTB/20142015 =990 ##$$a 0001/BPAP-NTB/20142015 =990 ##$$a 0001/BPAP-NTB/20142015 =990 ##$$a 0001/BPAP-NTB/20142015 =990 ##$$a 0001/BPAP-NTB/20142015